Loading...
Fine Arts - Classical Music and Opera | 0 | 3 | 1 | 1 | 25 | 79 | 123.00 | 0 | 1 |
Science - Physics | 0 | 2 | 0 | 0 | 20 | 77 | 91.50 | 0 | 2 |
Social Science | 0 | 2 | 0 | 2 | 20 | 131 | 133.00 | 0 | 0 |
Other Academic | 0 | 2 | 1 | 2 | 15 | 143 | 144.00 | 0 | 0 |
Fine Arts - Visual Fine Arts | 0 | 2 | 1 | 0 | 15 | 109 | 111.50 | 0 | 1 |
Philosophy | 0 | 2 | 1 | 1 | 15 | 138 | 142.00 | 0 | 0 |
History - US History | 0 | 1 | 0 | 1 | 10 | 129 | 129.00 | 0 | 0 |
Science - Chemistry | 0 | 1 | 0 | 0 | 10 | 108 | 108.00 | 0 | 0 |
Geography | 0 | 1 | 0 | 0 | 10 | 119 | 119.00 | 0 | 1 |
Science - Other Science | 1 | 0 | 1 | 0 | 10 | 52 | 52.00 | 1 | 1 |
Science - Earth Science | 0 | 1 | 0 | 0 | 10 | 134 | 134.00 | 0 | 0 |
Beliefs | 0 | 2 | 3 | 1 | 5 | 125 | 141.00 | 0 | 0 |
Fine Arts - Other Fine Arts | 0 | 1 | 1 | 0 | 5 | 96 | 96.00 | 0 | 0 |
History - European History | 0 | 1 | 1 | 1 | 5 | 131 | 131.00 | 0 | 0 |
Literature - British Literature | 0 | 1 | 1 | 0 | 5 | 166 | 166.00 | 0 | 0 |
Science - Biology | 0 | 1 | 1 | 1 | 5 | 145 | 145.00 | 0 | 0 |
Literature - American Literature | 0 | 0 | 1 | 0 | -5 | 0.00 | 0 | 0 | |
Literature - European Literature | 0 | 0 | 2 | 0 | -10 | 0.00 | 0 | 0 |